|
|
|
|
| LEADER |
01001nam a2200253 a 4500 |
| 001 |
GR-Patra16169 |
| 008 |
030924s2001 gw e b 001 0 eng d |
| 020 |
|
|
|a 3540418415
|
| 040 |
|
|
|a GrPaTEI
|b gre
|c GR-PaULI
|
| 040 |
|
|
|a GrPaTEI
|b gre
|c GR-PaULI
|
| 082 |
|
0 |
|a 621.472
|2 21
|
| 100 |
1 |
|
|a Leutz, Ralf
|
| 245 |
1 |
0 |
|a Nonimaging Fresnel Lenses :
|b Design and performance of solar concentrators /
|c Ralf Leutz, Akio Susuki.
|
| 260 |
|
|
|a Berlin :
|b Springer,
|c c2001
|
| 300 |
|
|
|a xi, 272σ.
|
| 490 |
0 |
|
|a Springer series in Optical Sciences. 83
|
| 504 |
|
|
|a Περιλαμβάνει βιβλιογραφίες και ευρετήριο.
|
| 650 |
|
0 |
|a Fresnel lenses
|
| 650 |
|
0 |
|a SOLAR CONCENTRATORS
|
| 700 |
1 |
|
|a Suzuki, Akio
|
| 942 |
|
|
|2 ddc
|
| 952 |
|
|
|0 0
|1 0
|2 ddc
|4 0
|6 621_472000000000000_LEU
|7 0
|9 295453
|a LISK
|b LISK
|c BSC
|d 2021-01-17
|e 24
|f 0
|g 0.00
|l 0
|o 621.472 LEU
|p 92410021058
|r 2021-01-17 00:00:00
|t 1
|w 2021-01-17
|y BK15
|x 20030924 0 1
|x GrPaTEI
|
| 971 |
|
|
|a .b26636840
|b 15-04-20
|c 23-09-16
|
| 999 |
|
|
|c 172446
|d 172446
|